000 01466nam a2200457 i 4500
001 9978
003 KOSZ 005
005 20191015091612.0
008 000508s1979 pl a f |001 0 pol
015 _aPB 1979/3438
020 _a8320400295
035 _a991014070449705066
035 _a(PL-WaBN)b1378223x-48omnis_nlop
035 _ab1378223x
035 _a(OCoLC)749791778
035 _a(PL)b0000001378223
035 _a(EXLNZ-48OMNIS_NETWORK)9910108908405606
040 _aWA N
_cWA N
_dKOSZ 005/EG
041 0 _apol
046 _k1979
080 _a664.3
100 1 _aNiewiadomski, Henryk
_d(1905-1992)
_eAutor
245 1 0 _aTechnologia tłuszczów jadalnych /
_cHenryk Niewiadomski.
260 _aWarszawa :
_bWydawnictwa Naukowo-Techniczne,
_c1979.
300 _a461, [3] s. :
_bil., tab., wykr. ;
_c25 cm.
336 _2rdacontent
_aTekst
_btxt
337 _2rdamedia
_aBez urządzenia pośredniczącego
_bn
338 _2rdacarrier
_aWolumin
_bnc
380 _aKsiążki
380 _aPublikacje fachowe
388 _a1901-2000
388 _a1945-1989
504 _aBibliogr. przy rozdz. - Indeks.
650 7 _aTłuszcze
_2DBN
650 7 _aTechnologia
658 _aInżynieria i technika
710 2 _aWydawnictwa Naukowo-Techniczne
_4pbl
856 _uhttp://koha.tu.koszalin.pl/cgi-bin/koha/opac-detail.pl?biblionumber=9978
_yKatalog online BPK
942 _2UKD
_cKS
999 _c9978
_d9978